000 00935nas a2200265 4500
001 BR8501129
003 BR-BrBNA
005 20231205090131.0
007 ta
008 230509b bl.|||p| |||| 00| 00por d
040 _aBR-BrBNA
_bpor
_cBiblioteca Nacional de Agricultura
041 _a(Pt)
072 _aL50; L30
100 1 _aMeirelles, C.F.
100 1 _aZucas, S.M.
245 1 _aRespostas fisiologicas em celulas hepaticas de bezerros na fase de amamentacao, recebendo sucedaneo de leite
_bParte de tese
246 1 _aPhysiological response in the hepatocytes of suckling calves receiving milk substitutes
_b[Part of thesis]
650 _aBEZERRO
650 _aLEITE
650 _aPROTEINA
650 _aFISIOLOGIA ANIMAL
773 0 _tRevista da Sociedade Brasileira de Zootecnia (Brazil)
_xISSN 0100-4859
_g(1984), v. 13(4) p. 480-487
_wBR8501129
909 _a202311
_bLúcia
_c55
_dLúcia Elande
942 _2AGRIS
_n0
_cANA
999 _c116332
_d116332